=LDR 00000nam 2200000 4500 =001 INLIS000000000047994 =005 20210205093714 =035 ##$$a 0010-031600000000107 =008 210205################g##########0#ind## =020 ##$$a 978-979-013-091-3 =082 ##$$a 331.5 =090 ##$$a 331.5 Hak h =245 ##$$a Hak & kewajiban karyawan =260 ##$$a Jakarta :$b Raih Asa Sukses,$c 2010 =300 ##$$a iv; 174 hlm : $b Ilus ; $c 20 x 14 cm =084 ##$$a 331.5 HAK =250 ##$$a cet.1 =650 #4$$a Hukum =990 ##$$a 0001/BPAP-NTB/2016 =990 ##$$a 21109061